| 000 | 00822cab a2200253 4500 | ||
|---|---|---|---|
| 001 | ABS55285 | ||
| 008 | 090401t1996 xxu||||| |||| 00| 0 eng d | ||
| 035 | _a(Sirsi) u15454 | ||
| 041 | _aeng | ||
| 100 | _aThompson, P | ||
| 245 | 4 | _aThe real cost of maintenance | |
| 260 | _c1996 | ||
| 350 | _a0 | ||
| 490 |
_aFacilities Management _v3(5) June 1996, 22-24(3) |
||
| 520 | _aAttempts to discover how maintenance issues affect the running costs of buildings and how efficient maintenance programmes can help reduce capital costs. Offers advice on energy saving. Case studies. | ||
| 650 |
_aRefurbishment _96264 |
||
| 650 | _aCOSHH | ||
| 650 | _aENERGY-SAVING | ||
| 650 |
_aHEALTH AND SAFETY _96244 |
||
| 650 | _aOUTSOURCING | ||
| 690 | _aBUILT ENVIRONMENT-BUILDING COSTS | ||
| 942 | _n0 | ||
| 948 | _c04/03/1997 | ||
| 999 |
_c10137 _d10137 |
||